00961 a2200157 45000010006000000050017000060080041000230030015000640400040000790800057001192450071001762640038002473000019002855050470003041000029007743743320260407155642.0260407a1973 arg spa dAR-UNSa-BCEJYS aAR-UNSa-BCEJYSbspacAR-UNSa-BCEJYS a657.471.1xClases de costos. Costos de producción 10aMaterias primas en el costo industrialpla gestión de la compras 1aBuenos Aires :bEl Coloquioc1973 a138 p.c22 cm. a1. Defininición de stocks - 2. Clasificación de los stocks - 3. Interrogantes que plantea la economicidad del suministro - 4. El funcionamiento de una gerencia de compras y almacenes. Funciones y atribuciones relevantes.Caso práctico. Niveles de decisión y asignación de tareas - 5. Aplicación de métodos de Monte Carlo para la obtención del stock mínimo - 6. Tratamiento técnico y contable de los desechos. Recortes o scraps en la producción.1 aGiménez, Carlos Manuel